<?xml version="1.0" encoding="UTF-8"?>
<record
    xmlns:xsi="http://www.w3.org/2001/XMLSchema-instance"
    xsi:schemaLocation="http://www.loc.gov/MARC21/slim http://www.loc.gov/standards/marcxml/schema/MARC21slim.xsd"
    xmlns="http://www.loc.gov/MARC21/slim">

  <leader>03777nam a2200397   4500</leader>
  <controlfield tag="005">20251201071009.0</controlfield>
  <datafield tag="020" ind1=" " ind2=" ">
    <subfield code="a">9789987140442</subfield>
    <subfield code="c">TZS 11,411.84/=</subfield>
  </datafield>
  <datafield tag="040" ind1=" " ind2=" ">
    <subfield code="a">MULIB</subfield>
    <subfield code="b">eng.</subfield>
    <subfield code="e">AACR </subfield>
  </datafield>
  <datafield tag="082" ind1=" " ind2=" ">
    <subfield code="a">342.609678 MUS</subfield>
  </datafield>
  <datafield tag="100" ind1=" " ind2=" ">
    <subfield code="a">Mushi, Eleuter G</subfield>
  </datafield>
  <datafield tag="245" ind1=" " ind2=" ">
    <subfield code="a">Administrative law of Tanzania </subfield>
    <subfield code="c">/ Eleuter G. Mushi</subfield>
  </datafield>
  <datafield tag="260" ind1=" " ind2=" ">
    <subfield code="a">Mzumbe : </subfield>
    <subfield code="b">Mzumbe University.;</subfield>
    <subfield code="c">c 2014. </subfield>
  </datafield>
  <datafield tag="300" ind1=" " ind2=" ">
    <subfield code="a">xxxi, 366 p. :</subfield>
    <subfield code="c">21 cm.</subfield>
  </datafield>
  <datafield tag="520" ind1=" " ind2=" ">
    <subfield code="a">This book provides a fundamental, yet comprehensive coverage of strategic management in cooperatives since their inception in Tanzania. It provides the general overview of cooperative unions in terms of their genesis at a global level and then explains their introduction in Tanzania as well as the purpose of their introduction. The book provides not only the theoretical underpinnings and principles of strategic management in cooperative unions, but also unleashes and marshals some practical experiences from selected cases where the research was carried out. The book is destined to serve the instructional needs of business, education, public administration, and political science students in higher education institutions. It can also be used in all types of organizations including the government and non government entities. The book is divided into seven chapters as follows: 
Chapter one covers the history of cooperative movement, chapter two deals with the concept of strategic management, chapter three covers strategic management and cooperative development, and chapter four deals with decision making. Also, chapter five deals with decision making techniques while chapter six covers creativity in decision making. Lastly, chapter seven deals with planning for cooperative development. The book is written in a reader-friendly simple language to enhance profound understanding of various concepts and techniques in strategic management. Students, lecturers and other stakeholders will find it a very useful resource in answering their different questions related to strategic management in cooperative unions in Tanzania. They will know various challenges that have been militating against the effective performance of cooperatives and even think of the best ways to address the identified challenges.
Authors wish to express their sincere appreciation to all authors of all references that were consulted during the preparation of this book. Likewise, the respondents in Morogoro, Songea and Mbeya who were consulted during the study are highly acknowledged for they played not only a monumental but an instrumental role in the production of this book. We remain in high tune determined to enhance and expand the landmark frontiers of knowledge among as many readers as possible as we strongly believe that we are in the knowledge era where knowledge sharing stands to be not only important but vital in unravelling various developmental challenges we encounter in our contiguous milieux/vicinities.</subfield>
  </datafield>
  <datafield tag="546" ind1=" " ind2=" ">
    <subfield code="a">eng.</subfield>
  </datafield>
  <datafield tag="650" ind1=" " ind2=" ">
    <subfield code="a">Administrative law</subfield>
    <subfield code="z">Tanzania</subfield>
  </datafield>
  <datafield tag="650" ind1=" " ind2=" ">
    <subfield code="a">Administrative powers</subfield>
  </datafield>
  <datafield tag="650" ind1=" " ind2=" ">
    <subfield code="a">Delegated legislation</subfield>
  </datafield>
  <datafield tag="650" ind1=" " ind2=" ">
    <subfield code="a">Discretionary power</subfield>
  </datafield>
  <datafield tag="650" ind1=" " ind2=" ">
    <subfield code="a">Administrative actions judicial review remedies</subfield>
    <subfield code="z">Tanzania</subfield>
  </datafield>
  <datafield tag="650" ind1=" " ind2=" ">
    <subfield code="a">Administrative power</subfield>
  </datafield>
  <datafield tag="650" ind1=" " ind2=" ">
    <subfield code="a">Legitimate expectation</subfield>
  </datafield>
  <datafield tag="650" ind1=" " ind2=" ">
    <subfield code="a">Delegated legislation</subfield>
  </datafield>
  <datafield tag="650" ind1=" " ind2=" ">
    <subfield code="a"> Natural justice rights</subfield>
  </datafield>
  <datafield tag="650" ind1=" " ind2=" ">
    <subfield code="a">  Negligence</subfield>
  </datafield>
  <datafield tag="650" ind1=" " ind2=" ">
    <subfield code="a">Human rights commission</subfield>
  </datafield>
  <datafield tag="650" ind1=" " ind2=" ">
    <subfield code="a">Proportionality principles</subfield>
  </datafield>
  <datafield tag="650" ind1=" " ind2=" ">
    <subfield code="a"> Separation of power</subfield>
  </datafield>
  <datafield tag="650" ind1=" " ind2=" ">
    <subfield code="a">Government institutions</subfield>
    <subfield code="z">Tanzania</subfield>
  </datafield>
  <datafield tag="650" ind1=" " ind2=" ">
    <subfield code="a">Colonial administration</subfield>
    <subfield code="z">Tanzania</subfield>
  </datafield>
  <datafield tag="650" ind1=" " ind2=" ">
    <subfield code="a">Rule of law</subfield>
  </datafield>
  <datafield tag="650" ind1=" " ind2=" ">
    <subfield code="a">Local government authorities</subfield>
  </datafield>
  <datafield tag="650" ind1=" " ind2=" ">
    <subfield code="a"> Public servants</subfield>
  </datafield>
  <datafield tag="856" ind1=" " ind2=" ">
    <subfield code="u">https://scholar.mzumbe.ac.tz/handle/123456789/1903</subfield>
  </datafield>
  <datafield tag="942" ind1=" " ind2=" ">
    <subfield code="c">BK</subfield>
  </datafield>
  <datafield tag="999" ind1=" " ind2=" ">
    <subfield code="c">11822</subfield>
    <subfield code="d">11822</subfield>
  </datafield>
  <datafield tag="952" ind1=" " ind2=" ">
    <subfield code="0">0</subfield>
    <subfield code="1">0</subfield>
    <subfield code="4">0</subfield>
    <subfield code="7">0</subfield>
    <subfield code="a">MU002</subfield>
    <subfield code="b">MU002</subfield>
    <subfield code="d">2023-10-01</subfield>
    <subfield code="l">0</subfield>
    <subfield code="o">342.609678 MUS</subfield>
    <subfield code="p">001515</subfield>
    <subfield code="r">2025-10-05 08:11:37</subfield>
    <subfield code="t">1</subfield>
    <subfield code="w">2025-10-05</subfield>
    <subfield code="y">BK</subfield>
  </datafield>
  <datafield tag="952" ind1=" " ind2=" ">
    <subfield code="0">0</subfield>
    <subfield code="1">0</subfield>
    <subfield code="4">0</subfield>
    <subfield code="7">0</subfield>
    <subfield code="a">MU002</subfield>
    <subfield code="b">MU002</subfield>
    <subfield code="d">2023-10-01</subfield>
    <subfield code="l">0</subfield>
    <subfield code="o">342.609678 MUS</subfield>
    <subfield code="p">001516</subfield>
    <subfield code="r">2025-10-05 08:11:37</subfield>
    <subfield code="t">2</subfield>
    <subfield code="w">2025-10-05</subfield>
    <subfield code="y">BK</subfield>
  </datafield>
  <datafield tag="952" ind1=" " ind2=" ">
    <subfield code="0">0</subfield>
    <subfield code="1">0</subfield>
    <subfield code="4">0</subfield>
    <subfield code="7">0</subfield>
    <subfield code="a">MU002</subfield>
    <subfield code="b">MU002</subfield>
    <subfield code="d">2023-10-01</subfield>
    <subfield code="l">0</subfield>
    <subfield code="o">342.609678 MUS</subfield>
    <subfield code="p">001517</subfield>
    <subfield code="r">2025-10-05 08:11:37</subfield>
    <subfield code="t">3</subfield>
    <subfield code="w">2025-10-05</subfield>
    <subfield code="y">BK</subfield>
  </datafield>
  <datafield tag="952" ind1=" " ind2=" ">
    <subfield code="0">0</subfield>
    <subfield code="1">0</subfield>
    <subfield code="4">0</subfield>
    <subfield code="7">0</subfield>
    <subfield code="a">MU002</subfield>
    <subfield code="b">MU002</subfield>
    <subfield code="d">2023-10-01</subfield>
    <subfield code="l">0</subfield>
    <subfield code="o">342.609678 MUS</subfield>
    <subfield code="p">001518</subfield>
    <subfield code="r">2025-10-05 08:11:37</subfield>
    <subfield code="t">4</subfield>
    <subfield code="w">2025-10-05</subfield>
    <subfield code="y">BK</subfield>
  </datafield>
  <datafield tag="952" ind1=" " ind2=" ">
    <subfield code="0">0</subfield>
    <subfield code="1">0</subfield>
    <subfield code="4">0</subfield>
    <subfield code="7">0</subfield>
    <subfield code="a">MU002</subfield>
    <subfield code="b">MU002</subfield>
    <subfield code="d">2023-10-01</subfield>
    <subfield code="l">0</subfield>
    <subfield code="o">342.609678 MUS</subfield>
    <subfield code="p">001519</subfield>
    <subfield code="r">2025-10-05 08:11:37</subfield>
    <subfield code="t">5</subfield>
    <subfield code="w">2025-10-05</subfield>
    <subfield code="y">BK</subfield>
  </datafield>
  <datafield tag="952" ind1=" " ind2=" ">
    <subfield code="0">0</subfield>
    <subfield code="1">0</subfield>
    <subfield code="4">0</subfield>
    <subfield code="7">0</subfield>
    <subfield code="a">MU002</subfield>
    <subfield code="b">MU002</subfield>
    <subfield code="d">2023-10-01</subfield>
    <subfield code="l">0</subfield>
    <subfield code="o">342.609678 MUS</subfield>
    <subfield code="p">001520</subfield>
    <subfield code="r">2025-10-05 08:11:37</subfield>
    <subfield code="t">6</subfield>
    <subfield code="w">2025-10-05</subfield>
    <subfield code="y">BK</subfield>
  </datafield>
  <datafield tag="952" ind1=" " ind2=" ">
    <subfield code="0">0</subfield>
    <subfield code="1">0</subfield>
    <subfield code="4">0</subfield>
    <subfield code="7">0</subfield>
    <subfield code="a">MU002</subfield>
    <subfield code="b">MU002</subfield>
    <subfield code="d">2023-10-01</subfield>
    <subfield code="l">0</subfield>
    <subfield code="o">342.609678 MUS</subfield>
    <subfield code="p">001521</subfield>
    <subfield code="r">2025-10-05 08:11:37</subfield>
    <subfield code="t">7</subfield>
    <subfield code="w">2025-10-05</subfield>
    <subfield code="y">BK</subfield>
  </datafield>
  <datafield tag="952" ind1=" " ind2=" ">
    <subfield code="0">0</subfield>
    <subfield code="1">0</subfield>
    <subfield code="4">0</subfield>
    <subfield code="7">0</subfield>
    <subfield code="a">MU002</subfield>
    <subfield code="b">MU002</subfield>
    <subfield code="d">2023-10-01</subfield>
    <subfield code="l">0</subfield>
    <subfield code="o">342.609678 MUS</subfield>
    <subfield code="p">001522</subfield>
    <subfield code="r">2025-10-05 08:11:37</subfield>
    <subfield code="t">8</subfield>
    <subfield code="w">2025-10-05</subfield>
    <subfield code="y">BK</subfield>
  </datafield>
  <datafield tag="952" ind1=" " ind2=" ">
    <subfield code="0">0</subfield>
    <subfield code="1">0</subfield>
    <subfield code="4">0</subfield>
    <subfield code="7">0</subfield>
    <subfield code="a">MU002</subfield>
    <subfield code="b">MU002</subfield>
    <subfield code="d">2023-10-01</subfield>
    <subfield code="l">0</subfield>
    <subfield code="o">342.609678 MUS</subfield>
    <subfield code="p">001523</subfield>
    <subfield code="r">2025-10-05 08:11:37</subfield>
    <subfield code="t">9</subfield>
    <subfield code="w">2025-10-05</subfield>
    <subfield code="y">BK</subfield>
  </datafield>
  <datafield tag="952" ind1=" " ind2=" ">
    <subfield code="0">0</subfield>
    <subfield code="1">0</subfield>
    <subfield code="4">0</subfield>
    <subfield code="7">0</subfield>
    <subfield code="a">MU002</subfield>
    <subfield code="b">MU002</subfield>
    <subfield code="d">2023-10-01</subfield>
    <subfield code="l">0</subfield>
    <subfield code="o">342.609678 MUS</subfield>
    <subfield code="p">001524</subfield>
    <subfield code="r">2025-10-05 08:11:37</subfield>
    <subfield code="t">10</subfield>
    <subfield code="w">2025-10-05</subfield>
    <subfield code="y">BK</subfield>
  </datafield>
  <datafield tag="952" ind1=" " ind2=" ">
    <subfield code="0">0</subfield>
    <subfield code="1">0</subfield>
    <subfield code="4">0</subfield>
    <subfield code="7">0</subfield>
    <subfield code="a">MU002</subfield>
    <subfield code="b">MU002</subfield>
    <subfield code="d">2023-10-01</subfield>
    <subfield code="l">0</subfield>
    <subfield code="o">342.609678 MUS</subfield>
    <subfield code="p">001526</subfield>
    <subfield code="r">2025-10-05 08:11:37</subfield>
    <subfield code="t">11</subfield>
    <subfield code="w">2025-10-05</subfield>
    <subfield code="y">BK</subfield>
  </datafield>
  <datafield tag="952" ind1=" " ind2=" ">
    <subfield code="0">0</subfield>
    <subfield code="1">0</subfield>
    <subfield code="4">0</subfield>
    <subfield code="7">0</subfield>
    <subfield code="a">MU002</subfield>
    <subfield code="b">MU002</subfield>
    <subfield code="d">2023-10-01</subfield>
    <subfield code="l">0</subfield>
    <subfield code="o">342.609678 MUS</subfield>
    <subfield code="p">001527</subfield>
    <subfield code="r">2025-10-05 08:11:37</subfield>
    <subfield code="t">12</subfield>
    <subfield code="w">2025-10-05</subfield>
    <subfield code="y">BK</subfield>
  </datafield>
  <datafield tag="952" ind1=" " ind2=" ">
    <subfield code="0">0</subfield>
    <subfield code="1">0</subfield>
    <subfield code="4">0</subfield>
    <subfield code="7">0</subfield>
    <subfield code="a">MU002</subfield>
    <subfield code="b">MU002</subfield>
    <subfield code="d">2023-10-01</subfield>
    <subfield code="l">0</subfield>
    <subfield code="o">342.609678 MUS</subfield>
    <subfield code="p">001529</subfield>
    <subfield code="r">2025-10-05 08:11:37</subfield>
    <subfield code="t">13</subfield>
    <subfield code="w">2025-10-05</subfield>
    <subfield code="y">BK</subfield>
  </datafield>
  <datafield tag="952" ind1=" " ind2=" ">
    <subfield code="0">0</subfield>
    <subfield code="1">0</subfield>
    <subfield code="4">0</subfield>
    <subfield code="7">0</subfield>
    <subfield code="a">MU002</subfield>
    <subfield code="b">MU002</subfield>
    <subfield code="d">2023-10-01</subfield>
    <subfield code="l">0</subfield>
    <subfield code="o">342.609678 MUS</subfield>
    <subfield code="p">001531</subfield>
    <subfield code="r">2025-10-05 08:11:37</subfield>
    <subfield code="t">14</subfield>
    <subfield code="w">2025-10-05</subfield>
    <subfield code="y">BK</subfield>
  </datafield>
  <datafield tag="952" ind1=" " ind2=" ">
    <subfield code="0">0</subfield>
    <subfield code="1">0</subfield>
    <subfield code="4">0</subfield>
    <subfield code="7">0</subfield>
    <subfield code="a">MU002</subfield>
    <subfield code="b">MU002</subfield>
    <subfield code="d">2023-10-01</subfield>
    <subfield code="l">0</subfield>
    <subfield code="o">342.609678 MUS</subfield>
    <subfield code="p">001534</subfield>
    <subfield code="r">2025-10-05 08:11:37</subfield>
    <subfield code="t">15</subfield>
    <subfield code="w">2025-10-05</subfield>
    <subfield code="y">BK</subfield>
  </datafield>
  <datafield tag="952" ind1=" " ind2=" ">
    <subfield code="0">0</subfield>
    <subfield code="1">0</subfield>
    <subfield code="4">0</subfield>
    <subfield code="7">0</subfield>
    <subfield code="a">MU002</subfield>
    <subfield code="b">MU002</subfield>
    <subfield code="d">2023-10-01</subfield>
    <subfield code="l">0</subfield>
    <subfield code="o">342.609678 MUS</subfield>
    <subfield code="p">001535</subfield>
    <subfield code="r">2025-10-05 08:11:37</subfield>
    <subfield code="t">16</subfield>
    <subfield code="w">2025-10-05</subfield>
    <subfield code="y">BK</subfield>
  </datafield>
  <datafield tag="952" ind1=" " ind2=" ">
    <subfield code="0">0</subfield>
    <subfield code="1">0</subfield>
    <subfield code="4">0</subfield>
    <subfield code="7">0</subfield>
    <subfield code="a">MU002</subfield>
    <subfield code="b">MU002</subfield>
    <subfield code="d">2023-10-01</subfield>
    <subfield code="l">0</subfield>
    <subfield code="o">342.609678 MUS</subfield>
    <subfield code="p">001536</subfield>
    <subfield code="r">2025-10-05 08:11:37</subfield>
    <subfield code="t">17</subfield>
    <subfield code="w">2025-10-05</subfield>
    <subfield code="y">BK</subfield>
  </datafield>
  <datafield tag="952" ind1=" " ind2=" ">
    <subfield code="0">0</subfield>
    <subfield code="1">0</subfield>
    <subfield code="4">0</subfield>
    <subfield code="7">0</subfield>
    <subfield code="a">MU002</subfield>
    <subfield code="b">MU002</subfield>
    <subfield code="d">2023-10-01</subfield>
    <subfield code="l">0</subfield>
    <subfield code="o">342.609678 MUS</subfield>
    <subfield code="p">001537</subfield>
    <subfield code="r">2025-10-05 08:11:37</subfield>
    <subfield code="t">18</subfield>
    <subfield code="w">2025-10-05</subfield>
    <subfield code="y">BK</subfield>
  </datafield>
  <datafield tag="952" ind1=" " ind2=" ">
    <subfield code="0">0</subfield>
    <subfield code="1">0</subfield>
    <subfield code="4">0</subfield>
    <subfield code="7">0</subfield>
    <subfield code="a">MU002</subfield>
    <subfield code="b">MU002</subfield>
    <subfield code="d">2023-10-01</subfield>
    <subfield code="l">0</subfield>
    <subfield code="o">342.609678 MUS</subfield>
    <subfield code="p">001538</subfield>
    <subfield code="r">2025-10-05 08:11:37</subfield>
    <subfield code="t">19</subfield>
    <subfield code="w">2025-10-05</subfield>
    <subfield code="y">BK</subfield>
  </datafield>
  <datafield tag="952" ind1=" " ind2=" ">
    <subfield code="0">0</subfield>
    <subfield code="1">0</subfield>
    <subfield code="4">0</subfield>
    <subfield code="7">0</subfield>
    <subfield code="a">MU002</subfield>
    <subfield code="b">MU002</subfield>
    <subfield code="d">2023-10-01</subfield>
    <subfield code="l">0</subfield>
    <subfield code="o">342.609678 MUS</subfield>
    <subfield code="p">001539</subfield>
    <subfield code="r">2025-10-05 08:11:37</subfield>
    <subfield code="t">20</subfield>
    <subfield code="w">2025-10-05</subfield>
    <subfield code="y">BK</subfield>
  </datafield>
  <datafield tag="952" ind1=" " ind2=" ">
    <subfield code="0">0</subfield>
    <subfield code="1">0</subfield>
    <subfield code="4">0</subfield>
    <subfield code="7">0</subfield>
    <subfield code="a">MU002</subfield>
    <subfield code="b">MU002</subfield>
    <subfield code="d">2023-10-01</subfield>
    <subfield code="l">0</subfield>
    <subfield code="o">342.609678 MUS</subfield>
    <subfield code="p">001540</subfield>
    <subfield code="r">2025-10-05 08:11:37</subfield>
    <subfield code="t">21</subfield>
    <subfield code="w">2025-10-05</subfield>
    <subfield code="y">BK</subfield>
  </datafield>
  <datafield tag="952" ind1=" " ind2=" ">
    <subfield code="0">0</subfield>
    <subfield code="1">0</subfield>
    <subfield code="4">0</subfield>
    <subfield code="7">0</subfield>
    <subfield code="a">MU002</subfield>
    <subfield code="b">MU002</subfield>
    <subfield code="d">2023-10-01</subfield>
    <subfield code="l">0</subfield>
    <subfield code="o">342.609678 MUS</subfield>
    <subfield code="p">001541</subfield>
    <subfield code="r">2025-10-05 08:11:37</subfield>
    <subfield code="t">22</subfield>
    <subfield code="w">2025-10-05</subfield>
    <subfield code="y">BK</subfield>
  </datafield>
  <datafield tag="952" ind1=" " ind2=" ">
    <subfield code="0">0</subfield>
    <subfield code="1">0</subfield>
    <subfield code="4">0</subfield>
    <subfield code="7">0</subfield>
    <subfield code="a">MU002</subfield>
    <subfield code="b">MU002</subfield>
    <subfield code="d">2023-10-01</subfield>
    <subfield code="l">0</subfield>
    <subfield code="o">342.609678 MUS</subfield>
    <subfield code="p">001542</subfield>
    <subfield code="r">2025-10-05 08:11:37</subfield>
    <subfield code="t">23</subfield>
    <subfield code="w">2025-10-05</subfield>
    <subfield code="y">BK</subfield>
  </datafield>
  <datafield tag="952" ind1=" " ind2=" ">
    <subfield code="0">0</subfield>
    <subfield code="1">0</subfield>
    <subfield code="4">0</subfield>
    <subfield code="7">0</subfield>
    <subfield code="a">MU002</subfield>
    <subfield code="b">MU002</subfield>
    <subfield code="d">2023-10-01</subfield>
    <subfield code="l">0</subfield>
    <subfield code="o">342.609678 MUS</subfield>
    <subfield code="p">001543</subfield>
    <subfield code="r">2025-10-05 08:11:37</subfield>
    <subfield code="t">24</subfield>
    <subfield code="w">2025-10-05</subfield>
    <subfield code="y">BK</subfield>
  </datafield>
  <datafield tag="952" ind1=" " ind2=" ">
    <subfield code="0">0</subfield>
    <subfield code="1">0</subfield>
    <subfield code="4">0</subfield>
    <subfield code="7">0</subfield>
    <subfield code="a">MU002</subfield>
    <subfield code="b">MU002</subfield>
    <subfield code="d">2023-10-01</subfield>
    <subfield code="l">0</subfield>
    <subfield code="o">342.609678 MUS</subfield>
    <subfield code="p">001545</subfield>
    <subfield code="r">2025-10-05 08:11:37</subfield>
    <subfield code="t">25</subfield>
    <subfield code="w">2025-10-05</subfield>
    <subfield code="y">BK</subfield>
  </datafield>
  <datafield tag="952" ind1=" " ind2=" ">
    <subfield code="0">0</subfield>
    <subfield code="1">0</subfield>
    <subfield code="4">0</subfield>
    <subfield code="7">0</subfield>
    <subfield code="a">MU002</subfield>
    <subfield code="b">MU002</subfield>
    <subfield code="d">2023-10-01</subfield>
    <subfield code="l">0</subfield>
    <subfield code="o">342.609678 MUS</subfield>
    <subfield code="p">001547</subfield>
    <subfield code="r">2025-10-05 08:11:37</subfield>
    <subfield code="t">26</subfield>
    <subfield code="w">2025-10-05</subfield>
    <subfield code="y">BK</subfield>
  </datafield>
  <datafield tag="952" ind1=" " ind2=" ">
    <subfield code="0">0</subfield>
    <subfield code="1">0</subfield>
    <subfield code="4">0</subfield>
    <subfield code="7">0</subfield>
    <subfield code="a">MU002</subfield>
    <subfield code="b">MU002</subfield>
    <subfield code="d">2023-10-01</subfield>
    <subfield code="l">0</subfield>
    <subfield code="o">342.609678 MUS</subfield>
    <subfield code="p">001548</subfield>
    <subfield code="r">2025-10-05 08:11:37</subfield>
    <subfield code="t">27</subfield>
    <subfield code="w">2025-10-05</subfield>
    <subfield code="y">BK</subfield>
  </datafield>
  <datafield tag="952" ind1=" " ind2=" ">
    <subfield code="0">0</subfield>
    <subfield code="1">0</subfield>
    <subfield code="4">0</subfield>
    <subfield code="7">0</subfield>
    <subfield code="a">MU002</subfield>
    <subfield code="b">MU002</subfield>
    <subfield code="d">2023-10-01</subfield>
    <subfield code="l">0</subfield>
    <subfield code="o">342.609678 MUS</subfield>
    <subfield code="p">001549</subfield>
    <subfield code="r">2025-10-05 08:11:37</subfield>
    <subfield code="t">28</subfield>
    <subfield code="w">2025-10-05</subfield>
    <subfield code="y">BK</subfield>
  </datafield>
  <datafield tag="952" ind1=" " ind2=" ">
    <subfield code="0">0</subfield>
    <subfield code="1">0</subfield>
    <subfield code="4">0</subfield>
    <subfield code="7">0</subfield>
    <subfield code="a">MU002</subfield>
    <subfield code="b">MU002</subfield>
    <subfield code="d">2023-10-01</subfield>
    <subfield code="l">0</subfield>
    <subfield code="o">342.609678 MUS</subfield>
    <subfield code="p">001550</subfield>
    <subfield code="r">2025-10-05 08:11:37</subfield>
    <subfield code="t">29</subfield>
    <subfield code="w">2025-10-05</subfield>
    <subfield code="y">BK</subfield>
  </datafield>
  <datafield tag="952" ind1=" " ind2=" ">
    <subfield code="0">0</subfield>
    <subfield code="1">0</subfield>
    <subfield code="4">0</subfield>
    <subfield code="7">0</subfield>
    <subfield code="a">MU002</subfield>
    <subfield code="b">MU002</subfield>
    <subfield code="d">2023-10-01</subfield>
    <subfield code="l">0</subfield>
    <subfield code="o">342.609678 MUS</subfield>
    <subfield code="p">001551</subfield>
    <subfield code="r">2025-10-05 08:11:37</subfield>
    <subfield code="t">30</subfield>
    <subfield code="w">2025-10-05</subfield>
    <subfield code="y">BK</subfield>
  </datafield>
  <datafield tag="952" ind1=" " ind2=" ">
    <subfield code="0">0</subfield>
    <subfield code="1">0</subfield>
    <subfield code="4">0</subfield>
    <subfield code="7">0</subfield>
    <subfield code="a">MU002</subfield>
    <subfield code="b">MU002</subfield>
    <subfield code="d">2023-10-01</subfield>
    <subfield code="l">0</subfield>
    <subfield code="o">342.609678 MUS</subfield>
    <subfield code="p">001552</subfield>
    <subfield code="r">2025-10-05 08:11:37</subfield>
    <subfield code="t">31</subfield>
    <subfield code="w">2025-10-05</subfield>
    <subfield code="y">BK</subfield>
  </datafield>
  <datafield tag="952" ind1=" " ind2=" ">
    <subfield code="0">0</subfield>
    <subfield code="1">0</subfield>
    <subfield code="4">0</subfield>
    <subfield code="7">0</subfield>
    <subfield code="a">MU002</subfield>
    <subfield code="b">MU002</subfield>
    <subfield code="d">2023-10-01</subfield>
    <subfield code="l">0</subfield>
    <subfield code="o">342.609678 MUS</subfield>
    <subfield code="p">001553</subfield>
    <subfield code="r">2025-10-05 08:11:37</subfield>
    <subfield code="t">32</subfield>
    <subfield code="w">2025-10-05</subfield>
    <subfield code="y">BK</subfield>
  </datafield>
  <datafield tag="952" ind1=" " ind2=" ">
    <subfield code="0">0</subfield>
    <subfield code="1">0</subfield>
    <subfield code="4">0</subfield>
    <subfield code="7">0</subfield>
    <subfield code="a">MU002</subfield>
    <subfield code="b">MU002</subfield>
    <subfield code="d">2023-10-01</subfield>
    <subfield code="l">0</subfield>
    <subfield code="o">342.609678 MUS</subfield>
    <subfield code="p">001554</subfield>
    <subfield code="r">2025-10-05 08:11:37</subfield>
    <subfield code="t">33</subfield>
    <subfield code="w">2025-10-05</subfield>
    <subfield code="y">BK</subfield>
  </datafield>
  <datafield tag="952" ind1=" " ind2=" ">
    <subfield code="0">0</subfield>
    <subfield code="1">0</subfield>
    <subfield code="4">0</subfield>
    <subfield code="7">0</subfield>
    <subfield code="a">MU002</subfield>
    <subfield code="b">MU002</subfield>
    <subfield code="d">2023-10-01</subfield>
    <subfield code="l">0</subfield>
    <subfield code="o">342.609678 MUS</subfield>
    <subfield code="p">001555</subfield>
    <subfield code="r">2025-10-05 08:11:37</subfield>
    <subfield code="t">34</subfield>
    <subfield code="w">2025-10-05</subfield>
    <subfield code="y">BK</subfield>
  </datafield>
  <datafield tag="952" ind1=" " ind2=" ">
    <subfield code="0">0</subfield>
    <subfield code="1">0</subfield>
    <subfield code="4">0</subfield>
    <subfield code="7">0</subfield>
    <subfield code="a">MU002</subfield>
    <subfield code="b">MU002</subfield>
    <subfield code="d">2023-10-01</subfield>
    <subfield code="l">0</subfield>
    <subfield code="o">342.609678 MUS</subfield>
    <subfield code="p">001557</subfield>
    <subfield code="r">2025-10-05 08:11:37</subfield>
    <subfield code="t">35</subfield>
    <subfield code="w">2025-10-05</subfield>
    <subfield code="y">BK</subfield>
  </datafield>
  <datafield tag="952" ind1=" " ind2=" ">
    <subfield code="0">0</subfield>
    <subfield code="1">0</subfield>
    <subfield code="4">0</subfield>
    <subfield code="7">0</subfield>
    <subfield code="a">MU002</subfield>
    <subfield code="b">MU002</subfield>
    <subfield code="d">2023-10-01</subfield>
    <subfield code="l">0</subfield>
    <subfield code="o">342.609678 MUS</subfield>
    <subfield code="p">001558</subfield>
    <subfield code="r">2025-10-05 08:11:37</subfield>
    <subfield code="t">36</subfield>
    <subfield code="w">2025-10-05</subfield>
    <subfield code="y">BK</subfield>
  </datafield>
  <datafield tag="952" ind1=" " ind2=" ">
    <subfield code="0">0</subfield>
    <subfield code="1">0</subfield>
    <subfield code="4">0</subfield>
    <subfield code="7">0</subfield>
    <subfield code="a">MU002</subfield>
    <subfield code="b">MU002</subfield>
    <subfield code="d">2023-10-01</subfield>
    <subfield code="l">0</subfield>
    <subfield code="o">342.609678 MUS</subfield>
    <subfield code="p">001559</subfield>
    <subfield code="r">2025-10-05 08:11:37</subfield>
    <subfield code="t">37</subfield>
    <subfield code="w">2025-10-05</subfield>
    <subfield code="y">BK</subfield>
  </datafield>
  <datafield tag="952" ind1=" " ind2=" ">
    <subfield code="0">0</subfield>
    <subfield code="1">0</subfield>
    <subfield code="4">0</subfield>
    <subfield code="7">0</subfield>
    <subfield code="a">MU002</subfield>
    <subfield code="b">MU002</subfield>
    <subfield code="d">2023-10-01</subfield>
    <subfield code="l">0</subfield>
    <subfield code="o">342.609678 MUS</subfield>
    <subfield code="p">001560</subfield>
    <subfield code="r">2025-10-05 08:11:37</subfield>
    <subfield code="t">38</subfield>
    <subfield code="w">2025-10-05</subfield>
    <subfield code="y">BK</subfield>
  </datafield>
  <datafield tag="952" ind1=" " ind2=" ">
    <subfield code="0">0</subfield>
    <subfield code="1">0</subfield>
    <subfield code="4">0</subfield>
    <subfield code="7">0</subfield>
    <subfield code="a">MU002</subfield>
    <subfield code="b">MU002</subfield>
    <subfield code="d">2023-10-01</subfield>
    <subfield code="l">0</subfield>
    <subfield code="o">342.609678 MUS</subfield>
    <subfield code="p">001561</subfield>
    <subfield code="r">2025-10-05 08:11:37</subfield>
    <subfield code="t">39</subfield>
    <subfield code="w">2025-10-05</subfield>
    <subfield code="y">BK</subfield>
  </datafield>
  <datafield tag="952" ind1=" " ind2=" ">
    <subfield code="0">0</subfield>
    <subfield code="1">0</subfield>
    <subfield code="4">0</subfield>
    <subfield code="7">0</subfield>
    <subfield code="a">MU002</subfield>
    <subfield code="b">MU002</subfield>
    <subfield code="d">2023-10-01</subfield>
    <subfield code="l">0</subfield>
    <subfield code="o">342.609678 MUS</subfield>
    <subfield code="p">001562</subfield>
    <subfield code="r">2025-10-05 08:11:37</subfield>
    <subfield code="t">40</subfield>
    <subfield code="w">2025-10-05</subfield>
    <subfield code="y">BK</subfield>
  </datafield>
  <datafield tag="952" ind1=" " ind2=" ">
    <subfield code="0">0</subfield>
    <subfield code="1">0</subfield>
    <subfield code="4">0</subfield>
    <subfield code="7">0</subfield>
    <subfield code="a">MU002</subfield>
    <subfield code="b">MU002</subfield>
    <subfield code="d">2023-10-01</subfield>
    <subfield code="l">0</subfield>
    <subfield code="o">342.609678 MUS</subfield>
    <subfield code="p">001563</subfield>
    <subfield code="r">2025-10-05 08:11:37</subfield>
    <subfield code="t">41</subfield>
    <subfield code="w">2025-10-05</subfield>
    <subfield code="y">BK</subfield>
  </datafield>
  <datafield tag="952" ind1=" " ind2=" ">
    <subfield code="0">0</subfield>
    <subfield code="1">0</subfield>
    <subfield code="4">0</subfield>
    <subfield code="7">0</subfield>
    <subfield code="a">MU002</subfield>
    <subfield code="b">MU002</subfield>
    <subfield code="d">2023-10-01</subfield>
    <subfield code="l">0</subfield>
    <subfield code="o">342.609678 MUS</subfield>
    <subfield code="p">001564</subfield>
    <subfield code="r">2025-10-05 08:11:37</subfield>
    <subfield code="t">42</subfield>
    <subfield code="w">2025-10-05</subfield>
    <subfield code="y">BK</subfield>
  </datafield>
</record>
